000 nam a22 7a 4500
999 _c7700
_d7700
008 170928b xxu||||| |||| 00| 0 eng d
100 _94186
_aGupta,S.K.
245 _aPhysics-XI
260 _aNew Delhi
_bModern
_c2009